000 00676nam a2200205Ia 4500
003 GCL
008 140319s9999 xx 000 0 ara d
040 _aGCL /
_cGCL
082 0 4 _a312
_bف س
100 1 _aفتحى محمد ابوعيانة
245 1 0 _aالسكان والعمران الحضرى:بحوث تطبيقية فى بعض الاقطار العربية /
_cفتحى محمد ابوعيانة
260 _a[S.N] :
_bدار المعرفة الجامعية ،
_c1987
300 _a438 ص
490 _a
650 0 4 _aالدول العربية
650 0 4 _aالجغرافيا
650 0 4 _aالسكان
650 0 4 _aالاحصائيات
942 _2ddc
_cBK
999 _c58495
_d58495